=LDR 00000nam 2200000 4500 =001 INLIS000000000019149 =005 20130612114241 =008 ***********************************Ind** =035 ##$$0010-061300000019149 =041 ##$$a Ind =082 ##$$a 823 =090 ##$$a 823, Sco k =100 ##$$a Scott, Sir Water =245 ##$$a Kenilworth, Sir Walter Scott =260 ##$$a 1982 $b London =300 ##$$a 746 hlm, 21 cm =650 ##$$a Fiksi Inggris =850 ##$$a NBPNMAT =990 ##$$a 16111611